[Event "POL-chT 2nd League"]
[Site "Jastrzebia Gora"]
[Date "2023.09.06"]
[Round "5.103"]
[White "Chaczynski, Kamil"]
[Black "Mrozowski, Patryk"]
[Result "1-0"]
[WhiteElo "2165"]
[BlackElo "2118"]
[PlyCount "71"]
[EventDate "2023.09.02"]
[EventType "team-swiss"]
[EventRounds "9"]
[EventCountry "POL"]
[SourceTitle "EXT 2024"]
[Source "ChessBase"]
[SourceDate "2023.10.10"]
[SourceVersion "1"]
[SourceVersionDate "2023.10.10"]
[SourceQuality "1"]
[WhiteTeam "Zakrzewo Korona"]
[BlackTeam "Torun UMK"]
[WhiteTeamCountry "POL"]
[BlackTeamCountry "POL"]

1. e4 c5 2. Nf3 d6 3. Bb5+ Bd7 4. Bxd7+ Qxd7 5. c4 Qg4 6. 0-0 Nc6 7. d4 cxd4 8. Nxd4 Qxd1 9. Rxd1 Nxd4 10. Rxd4 g6 11. Be3 Bg7 12. Rd2 Nf6 13. f3 Rc8 14. Na3 a6 15. Rb1 Nd7 16. b3 0-0 17. Bd4 Bh6 18. Re2 Rc6 19. Nc2 a5 20. h4 Ra8 21. a4 Bf4 22. Kf2 Kf8 23. g3 Bh6 24. h5 g5 25. Be3 e6 26. Nd4 Rca6 27. Nb5 Rc8 28. Rd1 Ke7 29. Red2 Rcc6 30. g4 f6 31. c5 d5 32. exd5 exd5 33. Rxd5 Ne5 34. Bd4 Ke6 35. Bxe5 fxe5 36. Rd7 1-0

[Event "POL-ch Universities"]
[Site "Bydgoszcz"]
[Date "2023.03.11"]
[Round "7"]
[White "Molenda, Marcin"]
[Black "Mrozowski, Patryk"]
[Result "1/2-1/2"]
[WhiteElo "2406"]
[BlackElo "2140"]
[PlyCount "149"]
[EventDate "2023.03.10"]
[EventType "swiss"]
[EventRounds "9"]
[EventCountry "POL"]
[SourceTitle "CBM 213 Extra"]
[Source "ChessBase"]
[SourceDate "2023.05.31"]
[SourceVersion "1"]
[SourceVersionDate "2023.05.31"]
[SourceQuality "1"]

1. e4 c5 2. Nf3 e6 3. d4 cxd4 4. Nxd4 a6 5. Nc3 Qc7 6. Qf3 Nf6 7. g4 d6 8. g5 Nfd7 9. Be3 b5 10. a3 Bb7 11. 0-0-0 Nc6 12. Qh3 g6 13. Nxc6 Bxc6 14. Bd4 e5 15. Be3 Qb7 16. Nd5 a5 17. Be2 b4 18. axb4 axb4 19. Bc4 Bg7 20. Kd2 Nc5 21. Bxc5 dxc5 22. Ra1 Rd8 23. Ke2 Bxd5 24. Bxd5 Qb5+ 25. Qd3 Qd7 26. h4 h6 27. b3 hxg5 28. hxg5 Rxh1 29. Rxh1 Qg4+ 30. Qf3 Qxf3+ 31. Kxf3 Rc8 32. Ra1 Bf8 33. Ra7 Be7 34. Ke2 Kf8 35. Kd3 Ke8 36. Kc4 Kf8 37. f3 Rb8 38. Kd3 Rc8 39. Ke2 Rb8 40. Kf2 Rc8 41. Kg3 Re8 42. Kg4 Rd8 43. f4 exf4 44. Kxf4 Ke8 45. Kf3 Kf8 46. Ke2 Bxg5 47. Rxf7+ Ke8 48. Rg7 Rd6 49. Kf3 Rf6+ 50. Kg4 Be3 51. Rc7 Rf2 52. e5 Kd8 53. Rb7 Rf4+ 54. Kh3 Rd4 55. Bc4 Rd7 56. Rb6 Bd4 57. e6 Rc7 58. Rb8+ Ke7 59. Rg8 Kf6 60. Rf8+ Kg7 61. Rd8 Kf6 62. Kg4 Re7 63. Rf8+ Kg7 64. Rc8 Kf6 65. Kf4 Be5+ 66. Ke4 Bd4 67. Kd5 Rxe6 68. Rf8+ Ke7 69. Re8+ Kxe8 70. Kxe6 Kf8 71. Bd3 Kg7 72. Kd5 Kf6 73. Ke4 Kg5 74. Kf3 Kh5 75. Ke4 1/2-1/2

[Event "SVK-chT2D 2122"]
[Site "Slovakia"]
[Date "2021.11.14"]
[Round "4.1"]
[White "Manik, Mikulas"]
[Black "Mrozowski, Patryk"]
[Result "1/2-1/2"]
[WhiteElo "2357"]
[BlackElo "2123"]
[PlyCount "33"]
[EventDate "2021.10.16"]
[EventType "team-tourn"]
[EventRounds "11"]
[EventCountry "SVK"]
[SourceTitle "EXT 2023"]
[Source "ChessBase"]
[SourceDate "2022.10.05"]
[SourceVersion "1"]
[SourceVersionDate "2022.10.05"]
[SourceQuality "1"]
[WhiteTeam "Kosice 1 CC"]
[BlackTeam "Stropkov/Svidnik"]
[WhiteTeamCountry "SVK"]
[BlackTeamCountry "SVK"]

1. e4 c5 2. Nf3 Nc6 3. Bb5 g6 4. 0-0 Bg7 5. c3 e5 6. d4 cxd4 7. cxd4 Nxd4 8. Nxd4 exd4 9. Bf4 Ne7 10. Nd2 0-0 11. Bd6 Re8 12. Bc4 Nc6 13. Nf3 Rxe4 14. Qd3 Re6 15. Bxe6 dxe6 16. Bg3 Qd5 17. Nd2 1/2-1/2

[Event "SVK-chT2D 2122"]
[Site "Slovakia"]
[Date "2021.11.13"]
[Round "3.1"]
[White "Mrozowski, Patryk"]
[Black "Csala, Jan"]
[Result "1-0"]
[WhiteElo "2123"]
[BlackElo "2124"]
[PlyCount "167"]
[EventDate "2021.10.16"]
[EventType "team-tourn"]
[EventRounds "11"]
[EventCountry "SVK"]
[SourceTitle "EXT 2023"]
[Source "ChessBase"]
[SourceDate "2022.10.05"]
[SourceVersion "1"]
[SourceVersionDate "2022.10.05"]
[SourceQuality "1"]
[WhiteTeam "Stropkov/Svidnik"]
[BlackTeam "Moldava nad Bodvou"]
[WhiteTeamCountry "SVK"]
[BlackTeamCountry "SVK"]

1. e4 c6 2. d4 d5 3. e5 Bf5 4. h4 h5 5. Bd3 Bxd3 6. Qxd3 e6 7. Nf3 Qa5+ 8. Nbd2 Qa6 9. Qb3 Nd7 10. c4 Ne7 11. 0-0 dxc4 12. Nxc4 Nf5 13. Ne3 g6 14. Nxf5 gxf5 15. Bg5 Qb6 16. Qc2 Qa5 17. Rfe1 Qd5 18. a3 Rg8 19. Qe2 Nb6 20. Rad1 Rc8 21. Nh2 Rh8 22. Bf6 Rg8 23. Bg5 Rh8 24. Nf3 Rg8 25. Rd3 Rc7 26. Nd2 Rh8 27. Rg3 Be7 28. Bxe7 Rxe7 29. Nb3 Nd7 30. Rc1 Nf8 31. Rc5 Qd8 32. Rg5 Qb6 33. Na5 Qc7 34. Nb3 Qb6 35. Na5 Qd8 36. Nb3 Qb6 37. Rc3 a5 38. a4 Qb4 39. Qc4 Qb6 40. Qc5 Nd7 41. Qxa5 Qxa5 42. Nxa5 f6 43. exf6 Nxf6 44. f3 Kf7 45. Nc4 Ke8 46. Rb3 Kd8 47. Ne5 Rg8 48. Rxg8+ Nxg8 49. Nxc6+ bxc6 50. Rb8+ Kc7 51. Rxg8 Rd7 52. Re8 Rxd4 53. Rxe6 Rxh4 54. b3 Rb4 55. Re3 Kd6 56. Kf2 h4 57. Ke2 c5 58. Rc3 h3 59. gxh3 Rh4 60. Ke3 Kd5 61. Rc4 Rxh3 62. a5 Rh8 63. Ra4 Kc6 64. a6 Kb5 65. a7 Ra8 66. Kf4 c4 67. Rxc4 Rxa7 68. Kxf5 Rf7+ 69. Ke4 Re7+ 70. Kf4 Rf7+ 71. Kg3 Rg7+ 72. Kf2 Rd7 73. Rc3 Kb4 74. Re3 Rf7 75. Kg3 Rb7 76. Kf4 Rf7+ 77. Kg5 Rg7+ 78. Kf6 Rg3 79. Rd3 Kc5 80. Kf5 Kb4 81. Ke4 Rg8 82. Rd5 Kxb3 83. f4 Rg1 84. Rc5 1-0

[Event "Subcarpathian-chT"]
[Site "Bystre"]
[Date "2021.06.12"]
[Round "7.13"]
[White "Pasionek, Ariel"]
[Black "Mrozowski, Patryk"]
[Result "1/2-1/2"]
[WhiteElo "1890"]
[BlackElo "2067"]
[PlyCount "148"]
[EventDate "2021.06.09"]
[EventType "team-tourn"]
[EventRounds "9"]
[EventCountry "POL"]
[SourceTitle "EXT 2022"]
[Source "ChessBase"]
[SourceDate "2021.10.06"]
[SourceVersion "1"]
[SourceVersionDate "2021.10.06"]
[SourceQuality "1"]

1. e4 c5 2. Nf3 e6 3. d4 cxd4 4. Nxd4 a6 5. c4 Qc7 6. Be2 Nf6 7. Qd3 Bc5 8. 0-0 Qe5 9. Nb3 Nxe4 10. N1d2 Nxf2 11. Rxf2 Bxf2+ 12. Kxf2 Qxh2 13. Nf3 Qc7 14. Bd2 Nc6 15. Bc3 e5 16. Rh1 h6 17. Ng5 d6 18. Ne4 Ke7 19. Qg3 Bf5 20. Bf3 Kf8 21. Rd1 Rd8 22. Qh4 Qe7 23. Qxe7+ Kxe7 24. Ng3 Be6 25. Bxc6 bxc6 26. Na5 Rc8 27. Nb7 Rhd8 28. Nxd8 Rxd8 29. c5 dxc5 30. Rxd8 Kxd8 31. Bxe5 g6 32. a3 Bd5 33. Bd6 c4 34. Ne2 Kd7 35. Bf8 h5 36. g3 g5 37. Nc3 Ke6 38. Na4 Kf5 39. Bb4 c3 40. Nxc3 Bc4 41. Bd6 Bb3 42. Ke3 Kg4 43. Ne4 h4 44. Nf2+ Kh5 45. gxh4 Kxh4 46. Be7 f5 47. Nd3 Kh5 48. Nb4 f4+ 49. Kf2 a5 50. Nxc6 a4 51. Bd6 Kg4 52. Be7 Kh5 53. Ne5 Bd5 54. Nd3 Kg6 55. Nc5 Bc6 56. Ne6 Kf7 57. Nxg5+ Kxe7 58. Nh3 f3 59. Ng5 Kd6 60. Nxf3 Kc5 61. Ne5 Bd5 62. Ke3 Be6 63. Kd3 Kd5 64. Nf3 Bd7 65. Kc3 Kc5 66. Ne5 Bb5 67. Nf3 Bc6 68. Nd4 Bd5 69. Nc2 Bc6 70. Nb4 Bb5 71. Nd3+ Bxd3 72. Kxd3 Kd5 73. Ke3 Ke5 74. Kd3 Kd5 1/2-1/2

[Event "Subcarpathian-chT"]
[Site "Bystre"]
[Date "2021.06.11"]
[Round "5.7"]
[White "Dzwierzynski, Bartosz"]
[Black "Mrozowski, Patryk"]
[Result "1-0"]
[WhiteElo "2037"]
[BlackElo "2067"]
[PlyCount "76"]
[EventDate "2021.06.09"]
[EventType "team-tourn"]
[EventRounds "9"]
[EventCountry "POL"]
[SourceTitle "EXT 2022"]
[Source "ChessBase"]
[SourceDate "2021.10.06"]
[SourceVersion "1"]
[SourceVersionDate "2021.10.06"]
[SourceQuality "1"]

1. d4 c5 2. d5 b5 3. a4 b4 4. e4 d6 5. Nf3 g6 6. Bc4 Bg7 7. 0-0 Nf6 8. Re1 Nbd7 9. Nbd2 0-0 10. Rb1 Nb6 11. b3 Ng4 12. h3 Ne5 13. Nxe5 Bxe5 14. Bb2 Bxb2 15. Rxb2 e5 16. dxe6 fxe6 17. Rb1 d5 18. Bd3 Qf6 19. Qe2 Bb7 20. e5 Qf4 21. a5 Nd7 22. g3 Qf7 23. f4 a6 24. Nf3 Qe7 25. Rf1 Kg7 26. Ng5 h6 27. Nf3 Rfc8 28. Nh4 Nf8 29. Bxg6 Nxg6 30. Qg4 Qe8 31. f5 exf5 32. Nxf5+ Kh7 33. Nd6 Nxe5 34. Qf5+ Qg6 35. Qxe5 Rc7 36. Rf6 Qg5 37. Nf5 Rc6 38. Rf7+ Kg8 1-0

[Event "Subcarpathian-chT"]
[Site "Bystre"]
[Date "2021.06.09"]
[Round "1.7"]
[White "Mrozowski, Patryk"]
[Black "Podulka, Kacper"]
[Result "1-0"]
[WhiteElo "2067"]
[BlackElo "1202"]
[PlyCount "53"]
[EventDate "2021.06.09"]
[EventType "team-tourn"]
[EventRounds "9"]
[EventCountry "POL"]
[SourceTitle "EXT 2022"]
[Source "ChessBase"]
[SourceDate "2021.10.06"]
[SourceVersion "1"]
[SourceVersionDate "2021.10.06"]
[SourceQuality "1"]

1. e4 c5 2. Nf3 Nc6 3. d4 cxd4 4. Nxd4 e5 5. Nb3 Nf6 6. Bd3 g6 7. 0-0 Bg7 8. Nc3 d6 9. Kh1 0-0 10. f4 Nd4 11. Be3 Ng4 12. Bg1 b6 13. Nd5 Be6 14. Nxd4 exd4 15. Qf3 f5 16. exf5 Bxf5 17. Bxf5 gxf5 18. Rad1 Ne3 19. Nxe3 dxe3 20. Qxe3 Qd7 21. Rfe1 Rae8 22. Qd3 Bxb2 23. Qb3+ Rf7 24. Qxb2 Rg7 25. Qb3+ Kh8 26. Bd4 Reg8 27. Re3 1-0

[Event "POL-chT 2nd League"]
[Site "Poronin"]
[Date "2020.09.05"]
[Round "1.20"]
[White "Mrozowski, Patryk"]
[Black "Sernecki, Franciszek"]
[Result "0-1"]
[WhiteElo "2062"]
[BlackElo "2248"]
[PlyCount "98"]
[EventDate "2020.09.05"]
[EventType "team-swiss"]
[EventRounds "9"]
[EventCountry "POL"]
[SourceTitle "CBM 198 Extra"]
[Source "ChessBase"]
[SourceDate "2020.11.30"]
[SourceVersion "1"]
[SourceVersionDate "2020.11.30"]
[SourceQuality "1"]
[WhiteTeam "Ustrzyki Dolne"]
[BlackTeam "Sedziszow Spoldzielczy"]
[WhiteTeamCountry "POL"]
[BlackTeamCountry "POL"]

1. e4 c6 2. d4 d5 3. e5 Bf5 4. h4 h6 5. g4 Bd7 6. Nc3 e6 7. Be3 Qb6 8. Na4 Qa5+ 9. c3 b6 10. b4 Bxb4 11. cxb4 Qxb4+ 12. Bd2 Qxd4 13. Nf3 Qxg4 14. Nc3 Ne7 15. Bh3 Qg6 16. Rg1 Qh7 17. Qe2 Bc8 18. Nd4 Na6 19. Na4 Nc7 20. Nc3 Na6 21. Na4 Nc7 22. Nc3 Ba6 23. Qg4 Rg8 24. Rc1 Bc4 25. Bf1 Bxf1 26. Kxf1 Qd3+ 27. Ke1 h5 28. Qf4 Ng6 29. Rxg6 Qxg6 30. Nxc6 Qg1+ 31. Ke2 Qg4+ 32. Qxg4 hxg4 33. Bg5 Kd7 34. a4 Na6 35. Ne7 Rge8 36. Nb5 Nc5 37. a5 Rxe7 38. Nxa7 Rxa7 39. axb6 Ra2+ 40. Kf1 f6 41. exf6 gxf6 42. Bxf6 Rf7 43. Bd4 Na6 44. b7 Kd6 45. Rb1 Nb8 46. Rb6+ Kc7 47. Rxe6 Kxb7 48. h5 Nc6 49. Bf6 Rh7 0-1

[Event "SVK-chT2D 1920"]
[Site "Slovakia"]
[Date "2019.10.26"]
[Round "1.1"]
[White "Turzak, Milan1111"]
[Black "Mrozowski, Patryk"]
[Result "0-1"]
[WhiteElo "1972"]
[BlackElo "2034"]
[PlyCount "62"]
[EventDate "2019.10.26"]
[EventType "team-tourn"]
[EventRounds "11"]
[EventCountry "SVK"]
[SourceTitle "CBM 193 Extra"]
[Source "ChessBase"]
[SourceDate "2020.01.31"]
[SourceVersion "1"]
[SourceVersionDate "2020.01.31"]
[SourceQuality "1"]
[WhiteTeam "Gelnica Slovan"]
[BlackTeam "Stropkov/Svidnik"]
[WhiteTeamCountry "SVK"]
[BlackTeamCountry "SVK"]

1. e4 c5 2. Nc3 Nc6 3. g3 e5 4. Bg2 d6 5. d3 h5 6. Nd5 Nge7 7. Bg5 f6 8. Bxf6 Qa5+ 9. c3 gxf6 10. Nxf6+ Kd8 11. Nh3 Bh6 12. Nxh5 Ng6 13. f4 exf4 14. N3xf4 Nxf4 15. gxf4 Rg8 16. Bf3 Be6 17. f5 Bf7 18. Nf6 Rg7 19. Bh5 Bg5 20. Bxf7 Bxf6 21. Qb3 Ne5 22. Qxb7 Rc8 23. Qd5 Rxf7 24. Qxd6+ Nd7 25. Rg1 Rf8 26. Kd2 Qc7 27. Qxc7+ Kxc7 28. Rae1 Rh8 29. Rg2 Ne5 30. Ke3 Rh3+ 31. Rg3 Bg5+ 0-1

[Event "Krakow op-B 28th"]
[Site "Krakow"]
[Date "2018.01.02"]
[Round "7"]
[White "Czarkowski, Tomasz"]
[Black "Mrozowski, Patryk"]
[Result "0-1"]
[WhiteElo "1841"]
[BlackElo "2017"]
[PlyCount "30"]
[EventDate "2017.12.27"]
[EventType "swiss"]
[EventRounds "9"]
[EventCountry "POL"]
[SourceTitle "CBM 182 Extra"]
[Source "ChessBase"]
[SourceDate "2018.02.23"]
[SourceVersion "1"]
[SourceVersionDate "2018.02.23"]
[SourceQuality "1"]

1. d4 Nf6 2. c4 c5 3. d5 b5 4. cxb5 a6 5. bxa6 Bxa6 6. Nc3 g6 7. g3 d6 8. Bg2 Bg7 9. Nf3 0-0 10. 0-0 Nbd7 11. Re1 Qb6 12. Qc2 Rfb8 13. e4 Ng4 14. h3 Nge5 15. Rb1 Bd3 0-1

[Event "POL-chT U19 2nd League"]
[Site "Iwonicz"]
[Date "2016.07.31"]
[Round "10.67"]
[White "Gajewski, Marcin"]
[Black "Mrozowski, Patryk"]
[Result "0-1"]
[WhiteElo "1531"]
[BlackElo "1901"]
[PlyCount "102"]
[EventDate "2016.07.23"]
[EventType "team-swiss"]
[EventRounds "11"]
[EventCountry "POL"]
[SourceTitle "EXT 2019"]
[Source "ChessBase"]
[SourceDate "2018.10.10"]
[SourceVersion "1"]
[SourceVersionDate "2018.10.10"]
[SourceQuality "1"]
[WhiteTeam "Czestochowa UKS Hetman U19"]
[BlackTeam "Krosno KKSz Urania U19"]
[WhiteTeamCountry "POL"]
[BlackTeamCountry "POL"]

1. Nf3 Nf6 2. g3 b6 3. Bg2 Bb7 4. 0-0 g6 5. d3 Bg7 6. Nbd2 0-0 7. Re1 d5 8. c3 c5 9. Qc2 Nc6 10. e4 dxe4 11. dxe4 Nd7 12. Nc4 Nde5 13. Ncxe5 Nxe5 14. Nxe5 Bxe5 15. Be3 Qc7 16. Rad1 Rfd8 17. Rxd8+ Rxd8 18. Rd1 Kf8 19. Bh6+ Ke8 20. Be3 Rxd1+ 21. Qxd1 Qd7 22. Qc2 Ba6 23. Bf1 Bxf1 24. Kxf1 Bc7 25. f4 h5 26. Qe2 Qa4 27. b3 Qxe4 28. c4 Kd7 29. Qd2+ Bd6 30. Bf2 Ke6 31. Bg1 Kf5 32. Qf2 Kg4 33. Qd2 Kh3 34. Bf2 Qg2+ 35. Ke2 Kxh2 36. Ke3 Kh3 37. Qd3 Kg4 38. Qd1+ Kf5 39. Qc2+ Ke6 40. Qd3 h4 41. Qe4+ Qxe4+ 42. Kxe4 hxg3 43. Bxg3 Kd7 44. Bh4 f5+ 45. Ke3 e5 46. fxe5 Bxe5 47. Bg5 Bc7 48. Kf3 Be5 49. Ke3 Ke6 50. Kf3 Bf6 51. Bf4 Bd8 0-1

[Event "POL-chT U19 2nd League"]
[Site "Iwonicz"]
[Date "2016.07.31"]
[Round "2.73"]
[White "Hladun, Bartlomiej"]
[Black "Mrozowski, Patryk"]
[Result "0-1"]
[WhiteElo "1469"]
[BlackElo "1901"]
[PlyCount "118"]
[EventDate "2016.07.23"]
[EventType "team-swiss"]
[EventRounds "11"]
[EventCountry "POL"]
[SourceTitle "EXT 2019"]
[Source "ChessBase"]
[SourceDate "2018.10.10"]
[SourceVersion "1"]
[SourceVersionDate "2018.10.10"]
[SourceQuality "1"]
[WhiteTeam "Gdynia MDK U19"]
[BlackTeam "Krosno KKSz Urania U19"]
[WhiteTeamCountry "POL"]
[BlackTeamCountry "POL"]

1. e4 c5 2. Nf3 e6 3. d4 cxd4 4. Nxd4 a6 5. c4 Qc7 6. Bd3 Nf6 7. 0-0 Be7 8. Be3 d6 9. Nc3 Nbd7 10. f3 b6 11. Qd2 Bb7 12. Rac1 Rc8 13. Rfd1 Qb8 14. Bf1 Bd8 15. h3 Bc7 16. Kh1 Qa8 17. b3 0-0 18. Nc2 Rfd8 19. Bf4 Nf8 20. Ne3 Ng6 21. Bh2 h6 22. Qf2 Ne7 23. Ng4 Nxg4 24. hxg4 Qb8 25. Qh4 Ng6 26. Qh5 Rd7 27. g5 hxg5 28. Qxg5 Bd8 29. Qe3 Rc5 30. Qf2 Rh5 31. Kg1 Bc8 32. a4 b5 33. Kh1 Bb6 34. Qa2 Be3 35. Rc2 d5 36. g4 Rh4 37. exd5 Bb7 38. Rd3 Bf4 39. axb5 axb5 40. Rf2 Ne5 41. Qc2 Nxd3 42. Bxd3 bxc4 43. bxc4 exd5 44. c5 Be3 45. Re2 Bxc5 46. Na4 Bd6 47. Bb5 Rd8 48. Kg1 Qa7+ 49. Kf1 Rxh2 50. Rxh2 Bxh2 51. Qxh2 Ba6 52. Qe2 Bxb5 53. Qxb5 Rb8 54. Qc6 Qe3 55. Qxd5 Rb1+ 56. Kg2 Rg1+ 57. Kh3 Qh6+ 58. Qh5 Rh1+ 59. Kg2 Rxh5 0-1